| LEADER |
01086nam0a2200229 450 |
| 001 |
16867346 |
| 010 |
|
|
|a 978-2-07-300699-8
|b br.
|d 25
|
| 100 |
|
|
|a 20240924d2024 u u0frey01 ba
|
| 101 |
1 |
|
|a fre
|c fre
|
| 102 |
|
|
|a FR
|
| 200 |
0 |
|
|a Giovanni Falcone
|f Roberto Saviano
|g traduit de l'italien par Laura Brignon
|
| 207 |
|
1 |
|a
|
| 210 |
|
|
|a Paris
|b 5 rue Sébastien Bottin.
|c Gallimard
|d 2024
|
| 215 |
|
|
|a 1 vol. (606 p.)
|d 21 x 14 cm
|
| 225 |
1 |
|
|a Du monde entier
|x 0750-7879
|
| 330 |
|
|
|a Giovanni Falcone (1939-1992), simple juge sicilien au début des années 1970, devient peu à peu un opposant convaincu à la mafia et plus particulièrement à Cosa nostra. Après avoir organisé le maxi-procès de Palerme, il devient l'ennemi numéro 1 de l'organisation criminelle. Un roman-enquête qui retrace les étapes de son assassinat.
|
| 676 |
|
|
|a 853
|
| 700 |
|
0 |
|a Saviano
|b Roberto
|4 70
|
| 702 |
|
0 |
|a Brignon
|b Laura
|f 1986-....
|4 730
|
| 900 |
|
|
|a Roman
|
| 901 |
|
|
|a Adultes
|
| 995 |
|
|
|a Médiathèque
|c Médiathèque
|f 00156009953811
|h 00156009953811
|k R SAV
|o p
|q a
|r az
|u 1/1 R SAL
|e Médiathèque
|